[Event "Dewan Astana Karnival op"]
[Site "Dewan Astana"]
[Date "2015.07.29"]
[Round "1"]
[White "Koh, You Ming"]
[Black "Mohd, Hazzafri Mohd Hazan"]
[Result "0-1"]
[WhiteElo "1438"]
[BlackElo "1758"]
[PlyCount "65"]
[EventDate "2015.07.29"]
[EventType "swiss"]
[EventRounds "7"]
[EventCountry "MAS"]
[SourceTitle "EXT 2017"]
[Source "ChessBase"]
[SourceDate "2016.10.25"]
[SourceVersion "1"]
[SourceVersionDate "2016.10.25"]
[SourceQuality "1"]

1. Nf3 Nf6 2. c4 g6 3. d4 Bg7 4. Nc3 0-0 5. h3 d6 6. e4 Nc6 7. Be2 a6 8. a4 a5 9. 0-0 Nb4 10. Be3 c6 11. Qd2 Qc7 12. Na2 Nxe4 13. Qc1 c5 14. Nxb4 axb4 15. Bh6 Bd7 16. Bxg7 Kxg7 17. Qc2 Nf6 18. b3 cxd4 19. Nxd4 e5 20. Nb5 Bxb5 21. axb5 Qc5 22. Kh1 Rxa1 23. Rxa1 Qxf2 24. Rf1 Qc5 25. Bf3 d5 26. Rc1 e4 27. cxd5 Qxc2 28. Rxc2 exf3 29. gxf3 Nxd5 30. Rd2 Rd8 31. Kg2 Kf6 32. Kf2 Ke5 33. Rd3 0-1